<?xml version="1.0" encoding="UTF-8"?>
<record
    xmlns:xsi="http://www.w3.org/2001/XMLSchema-instance"
    xsi:schemaLocation="http://www.loc.gov/MARC21/slim http://www.loc.gov/standards/marcxml/schema/MARC21slim.xsd"
    xmlns="http://www.loc.gov/MARC21/slim">

  <leader>05102njm a2200505Ia 4500</leader>
  <controlfield tag="001">D2670</controlfield>
  <controlfield tag="003">IT-RoPAU</controlfield>
  <controlfield tag="005">20220918181110.0</controlfield>
  <controlfield tag="008">131025s9999    xx            000 0 und d</controlfield>
  <datafield tag="040" ind1=" " ind2=" ">
    <subfield code="a">IT-RoPAU</subfield>
  </datafield>
  <datafield tag="040" ind1=" " ind2=" ">
    <subfield code="c">IT-RoPAU</subfield>
  </datafield>
  <datafield tag="999" ind1=" " ind2=" ">
    <subfield code="c">98896</subfield>
    <subfield code="d">98896</subfield>
  </datafield>
  <datafield tag="999" ind1=" " ind2=" ">
    <subfield code="b">n.d.</subfield>
  </datafield>
  <datafield tag="100" ind1=" " ind2=" ">
    <subfield code="a">AA.VV.</subfield>
    <subfield code="9">794</subfield>
  </datafield>
  <datafield tag="100" ind1=" " ind2=" ">
    <subfield code="e">Autore musica</subfield>
    <subfield code="9">30753</subfield>
  </datafield>
  <datafield tag="100" ind1=" " ind2=" ">
    <subfield code="g">Codice autore musica SPICS: 12000</subfield>
    <subfield code="9">796</subfield>
  </datafield>
  <datafield tag="245" ind1=" " ind2=" ">
    <subfield code="a">Lucky Thompson</subfield>
  </datafield>
  <datafield tag="250" ind1=" " ind2=" ">
    <subfield code="a">2a ed.</subfield>
  </datafield>
  <datafield tag="260" ind1=" " ind2=" ">
    <subfield code="a">MILANO</subfield>
  </datafield>
  <datafield tag="260" ind1=" " ind2=" ">
    <subfield code="b">RUSCONI</subfield>
    <subfield code="c">1995 [1a Ed.:]</subfield>
  </datafield>
  <datafield tag="300" ind1=" " ind2=" ">
    <subfield code="a">COMPACT DISC</subfield>
  </datafield>
  <datafield tag="300" ind1=" " ind2=" ">
    <subfield code="c">71 minuti (Testo:  pag.)</subfield>
  </datafield>
  <datafield tag="500" ind1=" " ind2=" ">
    <subfield code="a">Musica jazz. Cd fuori commercio allegato al n. 5 1995 della rivista "Musica jazz". Brani di autori vari.</subfield>
  </datafield>
  <datafield tag="505" ind1=" " ind2=" ">
    <subfield code="a">Rockin' At Ryan's [(New York, 8 marzo 1944) (3:00)] - Blue Room Jump [(New York, 23 dicembre 1944) (5:00)] - Test Pilots [(New York, 26 dicembre 1944) (7:00)] - No Good Man Blues [(Los Angeles, settembre 1945) (4:00)] - Sugar Hip [(Los Angeles, settembre 1945) (3:00)] - Lover Come Back To Me [(Los Angeles, 12 novembre 1945) (7:00)] - My Lovin' Papa [(Los Angeles, 12 dicembre 1945) (4:00)] - Cherokee [(Los Angeles, dicembre 1945) (3:00)] - I Surrenders Dear (3:00) - How High the Moon [(Los Angeles, 11 gennaio 1946) (3:00)] - Santa Monica Jump [(Los Angeles, gennaio 1946) (4:00)] - Dynamo B [(Los Angeles, 6 febbraio 1946) (4:00)] - Ornithology [(Los Angeles, 1946) (6:00)] - Take the "A" Train [(Los Angeles, aprile 1947) (3:00)] - Just One More Chance (4:00) - Boppin' the Blues [(Los Angeles, 22 aprile 1947) (4:00)] - Scrapple From the Apple [(New York, 26 febbraio 1949) (5:00)] - Over the Rainbow [(New York, 1950) (4:00)] - Soft Winds [(New York, 21 dicembre 1950) (6:00)]</subfield>
  </datafield>
  <datafield tag="511" ind1=" " ind2=" ">
    <subfield code="a">Page Hot Lips: tr; Thompson Lucky: ten; Johnson Lem: ten; Harris Ace: p; Simmons John: cb; Catlett Sidney: batt; Hot Lips Page and His Orchestra</subfield>
  </datafield>
  <datafield tag="511" ind1=" " ind2=" ">
    <subfield code="a">Edison Harry: tr; Killian Al: tr; Lewis Ed: tr; Newman Joe: tr; Donnelly Ted: trne; Robinson Eli: trne; Taylor Louis: trne; Wells Dicky: trne; Warren Earle: alto; Poowell Jimmy: alto; Tate Buddy: ten; Thompson Lucky: ten; Rutherford Rudy: bar, cl; Basie Count: p; Green Freddie: chit; Richardson Rodney: cb; Wilson Shadow: batt; Count Basie and His Orchestra</subfield>
  </datafield>
  <datafield tag="511" ind1=" " ind2=" ">
    <subfield code="a">Thompson Lucky: ten; Smith Stuff: viol; Garner Erroll: p; Wettling George: batt; All Stars Orchestra</subfield>
  </datafield>
  <datafield tag="511" ind1=" " ind2=" ">
    <subfield code="a">George Karl: tr; Johnson Jay Jay: trne; Rutherford Rudy: cl; Thompson Lucky: ten; Doggett Bill: p; Green Freddie: chit; Richardson Rodney: cb; Wilson Shadow: batt; Love Thelma: voc; Lucky Thompson's All Stars</subfield>
  </datafield>
  <datafield tag="511" ind1=" " ind2=" ">
    <subfield code="a">Clayton Buck: tr; Wells Dickie: trne; Thompson Lucky: ten; Benskin Sammy: p; Green Freddie: chit; Richardson Rodney: cb; Wilson Shadow: batt; Fredy Green and His Kansas City Seven</subfield>
  </datafield>
  <datafield tag="511" ind1=" " ind2=" ">
    <subfield code="a">McGhee Howard: tr; Smith Willie: alto; Thompson Lucky: ten; Ross Arnold: p; Safranski Eddie: cb; Young Le: batt; The Willie Smith Six</subfield>
  </datafield>
  <datafield tag="511" ind1=" " ind2=" ">
    <subfield code="a">George Karl: tr; Grant Jewel: alto; Thompson Lucky: ten; Porter Gene: bar; Jackson Milt: vib; Baranco Wilbert: p; Mingus Charles: cb; Young Lee: batt; Washington Dinah: voc; Dinah Washington Accompanied By Lucky Thompson</subfield>
  </datafield>
  <datafield tag="511" ind1=" " ind2=" ">
    <subfield code="a">George Kar: tr; Thompson Lucky: ten; Sconosciuti: alto, p, cb e batt.; George's Dukes and Dutchess</subfield>
  </datafield>
  <datafield tag="511" ind1=" " ind2=" ">
    <subfield code="a">Marmarosa Dodo: p; Thompson Lucky: ten; Brown Ray: cb; Mills Jackie: batt; Dodo Marmarosa Quartet</subfield>
  </datafield>
  <datafield tag="511" ind1=" " ind2=" ">
    <subfield code="a">McGhee Howard: tr; Royal Marshall: cl; Thompson Lucky: ten; Marmarosa Dodo: p; Gaillard Slim: chit; Brown Bam: cb; Singleton Zutty: batt; Slim Gaillard and His Orchestra</subfield>
  </datafield>
  <datafield tag="511" ind1=" " ind2=" ">
    <subfield code="a">Gillespie Dizzy: tr; Thompson Lucky: ten; Jackson Milt: vib; Haig Al: p; Brown Ray: cb; Levey Stan: batt; Tempo Jazzmen</subfield>
  </datafield>
  <datafield tag="511" ind1=" " ind2=" ">
    <subfield code="a">Mcghee Howard: tr; Thompson Lucky: ten; Bunn Jimmy: p; Ashby Irving: chit; Callender Red: cb; Junior Jazz At the Auditorium</subfield>
  </datafield>
  <datafield tag="511" ind1=" " ind2=" ">
    <subfield code="a">Obergh Lou: tr; Wilson Gerald: tr; Pederson Tommy: trne; Weidler George: alto; Washted: alto, cl; Thompson Lucky: ten; Lee Ralph: ten; Cook Joe: bar; Carpenter Ike: p; Kitzmiller John: cb; Hummell Bob: batt; Ike Carpenter and His Orchestra</subfield>
  </datafield>
  <datafield tag="511" ind1=" " ind2=" ">
    <subfield code="a">Hefti Neal: tr; Carter Benny: alto; Thompson Lucky: ten; Lawson Bob: bar; Marmarosa Dodo: p; Kessel Barney: chit; Callender Red: cb; Mills Jackie: batt; Lucky Thompson and His Lucky Seven</subfield>
  </datafield>
  <datafield tag="511" ind1=" " ind2=" ">
    <subfield code="a">Dorham Kenny: tr; Parker Charlie: alto; Thompson Lucky: ten; Jackson Milt: vib; Haig Al: p; Potter Tommy: cb; Roach Max: batt; Charlie Parker All Stars</subfield>
  </datafield>
  <datafield tag="511" ind1=" " ind2=" ">
    <subfield code="a">Copeland Ray: tr; Kelly Ted: trne; Shihab Sahib: alto; Thompson Lucky: ten; Cheseman Pritchard: bar; Swanstin Edwin: p; Morrison Peck: cb; Walker Al: batt; Lucky Thompson and His Orchestra</subfield>
  </datafield>
  <datafield tag="511" ind1=" " ind2=" ">
    <subfield code="a">Vance Dick: tr; Barefield Eddie: cl; Thompson Lucky: ten; Henderson Fletcher: p; Brown John: cb; Crawford Jimmy: batt; Fletcher Henderson and His Orchestra</subfield>
  </datafield>
  <datafield tag="650" ind1=" " ind2=" ">
    <subfield code="a">JAZZ [COMPACT DISC]</subfield>
    <subfield code="e">Codice MATERIA SPICS: 9949</subfield>
    <subfield code="9">11822</subfield>
  </datafield>
  <datafield tag="700" ind1=" " ind2=" ">
    <subfield code="a">AA.VV.</subfield>
    <subfield code="e">Autore testo/musica</subfield>
    <subfield code="g">Codice autore testo/musica SPICS: 12000</subfield>
    <subfield code="9">30754</subfield>
  </datafield>
  <datafield tag="700" ind1=" " ind2=" ">
    <subfield code="a">Thompson Lucky</subfield>
    <subfield code="g">Codice interprete SPICS: 44050</subfield>
    <subfield code="e">Interprete</subfield>
    <subfield code="9">30755</subfield>
  </datafield>
  <datafield tag="942" ind1=" " ind2=" ">
    <subfield code="c">CD</subfield>
    <subfield code="2">ddc</subfield>
  </datafield>
  <datafield tag="952" ind1=" " ind2=" ">
    <subfield code="0">0</subfield>
    <subfield code="1">0</subfield>
    <subfield code="4">0</subfield>
    <subfield code="6">D_2670_000000000000000</subfield>
    <subfield code="7">1</subfield>
    <subfield code="a">SPICS</subfield>
    <subfield code="b">SPICS</subfield>
    <subfield code="d">2013-10-25</subfield>
    <subfield code="l">0</subfield>
    <subfield code="o">D2670</subfield>
    <subfield code="r">2013-10-25 00:00:00</subfield>
    <subfield code="w">2013-10-25</subfield>
    <subfield code="y">CD</subfield>
    <subfield code="z">Progr. Ins.: 1845 / N.Vol.: 1 / Copie: 1 - Copia rara: n.d. / date import: 01.01.2014 - By Epidotti, Trombetti, Vaglietti</subfield>
  </datafield>
</record>
